Normal view
MARC view
- Johnston, James N.
Entry Personal Name
001 - CONTROL NUMBER
- control field: 1050
003 - CONTROL NUMBER IDENTIFIER
- control field: DLC
005 - DATE AND TIME OF LATEST TRANSACTION
- control field: 20231116071757.0
008 - FIXED-LENGTH DATA ELEMENTS
- fixed length control field: 110207n| azannaabn |n aaa
010 ## - LIBRARY OF CONGRESS CONTROL NUMBER
- LC control number: n 2011180511
035 ## - SYSTEM CONTROL NUMBER
- System control number: (OCoLC)oca08761977
040 ## - CATALOGING SOURCE
- Original cataloging agency: DNLM
- Language of cataloging: eng
- Description conventions: rda
- Transcribing agency: DNLM
- Modifying agency: DNLM
- Modifying agency: HU
100 1# - HEADING--PERSONAL NAME
- Personal name: Johnston, James N.
370 ## - ASSOCIATED PLACE
- Other associated place: Wichita Falls (Tex.)
- Source of term: naf
373 ## - ASSOCIATED GROUP
- Associated group: Midwestern State University (Wichita Falls, Tex.)
- Source of term: naf
670 ## - SOURCE DATA FOUND
- Source citation: Essentials of radiographic physics and imaging, c2012:
- Information found: ECIP t.p. (James N. Johnston, PhD, RT(R)(CV), Associate Professor Radiologic Sciences, Director of Interdisciplinary Education for the College of Health Sciences and Human Services, Midwestern State University, Wichita Falls, Texas)
670 ## - SOURCE DATA FOUND
- Source citation: Essentials of radiographic physics and imaging, c2016:
- Information found: t.p. (James N. Johnston, PhD, RT(R)(CV), FASRT, Professor Radiologic Sciences, Dean of the Robert D. & Carol Gunn College of Health Sciences and Human Services, Midwestern State University, Wichita Falls, Texas)